Vindhya Pradesh: general population, age, social and economic tables (Record no. 483617)

000 -LEADER
fixed length control field 00419cam a22001217a 4500
008 - FIXED-LENGTH DATA ELEMENTS--GENERAL INFORMATION
fixed length control field 180718b1957 xxu||||| |||| 00| 0 eng d
082 ## - DEWEY DECIMAL CLASSIFICATION NUMBER
Classification number A81x54 In2/51/16/Pt2
100 ## - MAIN ENTRY--PERSONAL NAME
Personal name Census of India 1951
245 ## - TITLE STATEMENT
Title Vindhya Pradesh: general population, age, social and economic tables
260 ## - PUBLICATION, DISTRIBUTION, ETC.
Place of publication, distribution, etc. Delhi
Name of publisher, distributor, etc. Manager of Publications
Date of publication, distribution, etc. 1957
300 ## - PHYSICAL DESCRIPTION
Extent 367+p.
440 ## - SERIES STATEMENT/ADDED ENTRY--TITLE
Title Census of India 1951. Volume XVI, Vindhya Pradesh. Part II
Holdings
Withdrawn status Lost status Damaged status Not for loan Permanent Location Current Location Date acquired Full call number Barcode Date last seen Price effective from Koha item type
        Indian Institute of Public Administration Indian Institute of Public Administration 2018-08-04 A81x54 In2/51/16/Pt2 GG30232 2018-08-04 2018-08-04 GG
        Indian Institute of Public Administration Indian Institute of Public Administration 2018-08-04 A81x54 In2/51/16/Pt2 GG30204 2018-08-04 2018-08-04 GG

Powered by Koha